000 01113nam a2200385 a 4500
003 AR-BaBNM
005 20251128204505.0
008 082120s2002 ||||||||||||||000 | spa||
040 _cAR-BaBNM
100 1 _aMuros, Ramón C.
245 0 0 _aElementos no tradicionales en la clase de educación física
_btrabajo con sillas
260 _aBuenos Aires
_bKapelusz
_c1980
300 _a33 p.
_bil.
490 0 _aEducación física
500 _aEdición dirigida por los profesores Ramón C. Muros y Frauke Hinkelbein
650 4 _aEJERCICIO
650 4 _aESPARCIMIENTO
650 4 _aDEPORTE
650 4 _aJUEGOS EDUCATIVOS
650 4 _aPERCEPCION
650 4 _aCOORDINACION SENSOMOTRIZ
650 4 _aCOORDINACION EDUCACIONAL
650 4 _aACTIVIDADES SENSOMOTRICES
650 4 _aENSEÑANZA
650 4 _aEDUCACION FISICA
650 4 _aMATERIAL DIDACTICO
650 4 _aDOCENTES
650 4 _aALUMNOS
650 4 _aRELACION ALUMNO-DOCENTE
650 4 _aACTIVIDADES EN GRUPO
650 4 _aACTIVIDADES DE APRENDIZAJE
700 1 _aHinkelbein, Frauke
942 _cBK
998 _cCarmen
999 _c7625
_d7625